000 00688nam a2200265Ia 4500
005 20260302114241.0
008 008 260114s9999 xx 000 0 eng d
020 _a9780761877691
037 _aTextbook
040 _aCRL
040 _beng
040 _cCRL
041 _2eng
041 _aeng
084 _qCRL
100 _aJoseph Fitzpatrick
_91118212
245 0 _aLeavis and Lonergan Literary Criticism and Philosophy
260 _bBloomsbury
260 _bHamilton Books
260 _c2021
650 _aPhilosophy
856 _uhttps://doi.org/10.5040/9780761877691?locatt=label:secondary_bloomsburyCollections
942 _cEBOOK
999 _c1681877
_d1681877